UBT Library

Developmental psychology today / (Record no. 1230)

000 -LEADER
fixed length control field 00608nam a22002177a 4500
008 - FIXED-LENGTH DATA ELEMENTS--GENERAL INFORMATION
fixed length control field 151007b xxu||||| |||| 00| 0 eng d
020 ## - INTERNATIONAL STANDARD BOOK NUMBER
International Standard Book Number 0070293384
041 0# - LANGUAGE CODE
Language code of text/sound track or separate title eng
080 ## - UNIVERSAL DECIMAL CLASSIFICATION NUMBER
Universal Decimal Classification number 159.9
100 1# - Rafti
Rafti Hoffman, Lois Norma Wladis,
245 10 - TITLE STATEMENT
Title Developmental psychology today /
Statement of responsibility, etc Lois Hoffman, Scott Paris, Elizabeth Hall.
250 ## -
-- 6th ed.
260 ## -
-- New York :
-- McGraw-Hill,
-- 1994.
300 ## -
-- xix, 652 f. :
-- me il.;
-- 29 cm.
650 #0 -
-- Zhvillimi
650 #0 -
-- Psikologji
700 1# -
-- Paris, Scott G.,
700 1# -
-- Hall, Elizabeth,
700 1# -
-- Schell, Robert E.
942 ## - ADDED ENTRY ELEMENTS (KOHA)
Source of classification or shelving scheme
Item type Books
Holdings
Withdrawn status Lost status Source of classification or shelving scheme Damaged status Not for loan Collection code Permanent location Current location Shelving location Date acquired Total Checkouts Full call number Barcode Date last seen Price effective from Koha item type
          Koleksioni i përgjithshem UBT - Lipjan UBT - Lipjan Koleksioni i përgjithshem 10/07/2015   159.9 HOF 002-008582 10/07/2015 10/07/2015 Books
UBT Library © 2015-2024. All rights reserved University Education for Business and Technology